[Event "Madrid Villaverde op 15th"]
[Site "Madrid"]
[Date "2011.06.22"]
[Round "3.15"]
[White "Fernandez Cabello, Emilio"]
[Black "Garcia Sanz, Carlos"]
[Result "0-1"]
[WhiteElo "1750"]
[BlackElo "1917"]
[PlyCount "61"]
[EventDate "2011.06.20"]
[EventType "swiss"]
[EventRounds "8"]
[EventCountry "ESP"]
[SourceTitle "EXT 2024"]
[Source "ChessBase"]
[SourceDate "2023.10.10"]
[SourceVersion "1"]
[SourceVersionDate "2023.10.10"]
[SourceQuality "1"]

1. e4 e6 2. d4 d5 3. e5 c5 4. c3 Nc6 5. Nf3 cxd4 6. cxd4 f6 7. exf6 Nxf6 8. Ne5 Qb6 9. Bg5 Qxd4 10. Nd3 Be7 11. Be3 Qg4 12. f3 Qg6 13. Nf4 Qf7 14. Nh3 Bb4+ 15. Nc3 Bd7 16. a3 Bxc3+ 17. bxc3 0-0 18. Be2 Rac8 19. 0-0 a6 20. c4 Na5 21. cxd5 Nxd5 22. Ng5 Nxe3 23. Nxf7 Nxd1 24. Nh6+ gxh6 25. Rfxd1 Ba4 26. Rd6 Rc6 27. Rxc6 Bxc6 28. Rc1 Rd8 29. Rc5 b5 30. a4 Rd5 31. axb5 0-1